000 01058 a2200253 4500
999 _c4301
_d4301
020 _a0415202175 (hbk.)
020 _a0415202183 (pbk.)
050 0 0 _aLB2900.5POS1999
100 1 _aPoster, C. D.
245 1 0 _aRestructuring :
_bthe key to effective school management /
_cCyril Poster ; edited by Sonia Blandford and John Welton.
264 _aLondon:
_cC1999
_bc1999
300 _axv, 191 p. :
_bill.
440 0 _aEducational management series
500 _aincludes index
504 _aIncludes bibliographical references (p. 177-184) and index.
650 0 _aSchool management and organization
_xCase studies.
650 0 _aSchool improvement programs
_xCase studies.
650 0 _aEducational change
_xCase studies.
700 1 _aBlandford, Sonia.
700 1 _aWelton, John M.,
_d1943-
856 4 2 _3Publisher description
_uhttp://www.loc.gov/catdir/enhancements/fy0649/98037419-d.html
942 _2lcc
_cBK
_h2900.5
_iPOS
_kLB